[Event "ICS rated bullet match"]
[Site "204.178.125.65"]
[Date "2000.03.06"]
[Round "?"]
[White "Hossa"]
[Black "jupiter2"]
[Result "1-0"]
[WhiteElo "2404"]
[BlackElo "2129"]
[PlyCount "87"]

1. e4 c5 2. Nf3 d6 3. d4 Nf6 4. Nc3 cxd4 5. Nxd4 a6 6. Be2 e5 7. Nf3 h6 8. O-O
Be6 9. Be3 Nbd7 10. Bd3 Qc7 11. Qd2 Be7 12. Rfd1 Rc8 13. Rab1 O-O 14. a3 Ng4
15. Nd5 Bxd5 16. exd5 Nxe3 17. Qxe3 f5 18. Nd4 Qc5 19. Nxf5 Bf6 20. Qxc5 dxc5
21. Nd6 Rc7 22. Bf5 b5 23. Ne4 Nb6 24. d6 Rc6 25. Nxf6+ gxf6 26. Be4 Rcc8 27.
Bb7 Rcd8 28. Bxa6 b4 29. axb4 cxb4 30. c4 Nd7 31. Ra1 Nc5 32. Rd5 Ne4 33. c5
Kf7 34. Bd3 Nxc5 35. Rxc5 Rxd6 36. Rc7+ Ke6 37. Bc4+ Kf5 38. Rb7 Rc8 39. Rxb4
Rd4 40. b3 Kg6 41. Rba4 Rcd8 42. h4 Rd1+ 43. Rxd1 Kh5 44. Bf7# 1-0

[Event "ICS rated bullet match"]
[Site "204.178.125.65"]
[Date "2000.03.06"]
[Round "?"]
[White "jupiter2"]
[Black "Hossa"]
[Result "1/2-1/2"]
[WhiteElo "2124"]
[BlackElo "2409"]
[PlyCount "98"]

1. d4 d5 2. c4 e6 3. Nc3 Nf6 4. cxd5 exd5 5. Bg5 Be7 6. Qc2 c6 7. e3 Nbd7 8.
Bd3 O-O 9. Nf3 Re8 10. O-O Nf8 11. Rab1 Be6 12. b4 Ng4 13. Bf4 Ng6 14. Bxg6
fxg6 15. Qb3 Rf8 16. h3 Nf6 17. b5 c5 18. dxc5 Bxc5 19. Na4 Be7 20. Nd4 Bf7 21.
Bg5 Qa5 22. Bxf6 Bxf6 23. Nc5 Rfc8 24. Rfc1 Bxd4 25. exd4 b6 26. Nd7 Qd2 27.
Rd1 Qf4 28. Ne5 a6 29. Nxf7 Qxf7 30. a4 axb5 31. Qxb5 Rc2 32. Rf1 Rcc8 33. Rbc1
Re8 34. Qxb6 Rxa4 35. Rc7 Qf8 36. Qc6 Rxd4 37. Rc1 Rd2 38. f3 Ree2 39. Rc8
Rxg2+ 40. Kh1 Rh2+ 41. Kg1 Rdg2+ 42. Kf1 Rf2+ 43. Kg1 Rhg2+ 44. Kh1 Rh2+ 45.
Kg1 Rhg2+ 46. Kh1 Rh2+ 47. Kg1 Rhg2+ 48. Kh1 Rh2+ 49. Kg1 Rhg2+ 1/2-1/2

[Event "ICS rated blitz match"]
[Site "204.178.125.65"]
[Date "2000.03.06"]
[Round "?"]
[White "Hossa"]
[Black "Hirug"]
[Result "0-1"]
[WhiteElo "2445"]
[BlackElo "2348"]
[PlyCount "122"]

1. e4 c6 2. d4 d5 3. e5 Bf5 4. Nc3 h5 5. Bg5 Qb6 6. Na4 Qa5+ 7. c3 e6 8. Be2 h4
9. Nf3 Be7 10. Bxe7 Nxe7 11. Nc5 Qc7 12. Bd3 b6 13. Na6 Nxa6 14. Bxa6 Bg4 15.
h3 Bh5 16. O-O Nf5 17. Qe2 g5 18. Qd3 g4 19. hxg4 Bxg4 20. Nh2 Rg8 21. Nxg4
Rxg4 22. Qh3 Rg5 23. Qf3 Qe7 24. a3 Qf8 25. Bb7 Rb8 26. Bxc6+ Ke7 27. Kh1 Qg7
28. Rg1 Rh8 29. Rae1 Rg3 30. Bxd5 Rxf3 31. Bxf3 Qh6 32. Rd1 Qf4 33. Rge1 h3 34.
Kg1 hxg2 35. Bxg2 Qh2+ 36. Kf1 Rg8 37. Ke2 Rxg2 38. Kd3 Rxf2 39. Kc4 Rxb2 40.
a4 Qc2 41. Rc1 Qxa4+ 42. Kd3 Qb5+ 43. c4 Qd7 44. d5 exd5 45. Kc3 Rh2 46. Rh1
Rxh1 47. Rxh1 dxc4 48. Kb2 Qd2+ 49. Ka3 Nd4 50. Rb1 Qc3+ 51. Ka2 Qc2+ 52. Rb2
Qa4+ 53. Kb1 c3 54. Rh2 Qb3+ 55. Kc1 c2 56. Kd2 Qb1 57. Rh1 Qxh1 58. Kd3 c1=Q
59. Kxd4 Qf4+ 60. Kc3 Qhc1+ 61. Kd3 Qfc4# 0-1

[Event "ICS rated blitz match"]
[Site "204.178.125.65"]
[Date "2000.03.06"]
[Round "?"]
[White "Hirug"]
[Black "Hossa"]
[Result "1-0"]
[WhiteElo "2368"]
[BlackElo "2425"]
[PlyCount "119"]

1. e4 Nf6 2. Nc3 d5 3. exd5 Nxd5 4. Nf3 Nxc3 5. bxc3 e6 6. d4 Be7 7. Bd3 O-O 8.
O-O Nc6 9. Qe2 Rb8 10. h4 Re8 11. h5 Bd6 12. c4 e5 13. d5 Nd4 14. Nxd4 exd4 15.
Qf3 Qh4 16. g3 Qh3 17. Bd2 Bg4 18. Qh1 Qxh1+ 19. Kxh1 Bxh5 20. f4 Re7 21. Rf2
Rbe8 22. Kg2 Be2 23. Re1 Bxd3 24. Rxe7 Rxe7 25. cxd3 f5 26. Kf3 g6 27. Rf1 Kg7
28. Rb1 b6 29. a4 h6 30. a5 bxa5 31. Rb5 Bb4 32. Bxb4 axb4 33. Rxb4 a5 34. Ra4
Re3+ 35. Kf2 Rxd3 36. Rxa5 Rd2+ 37. Ke1 Rg2 38. Rc5 Rxg3 39. Rxc7+ Kf6 40. d6
g5 41. c5 gxf4 42. c6 Re3+ 43. Kf2 Ra3 44. d7 Ra2+ 45. Kf3 Ke5 46. d8=Q Ra3+
47. Ke2 f3+ 48. Kf2 Ra2+ 49. Kxf3 Ra3+ 50. Kf2 Ra4 51. Qh8+ Kd6 52. Rd7+ Kc5
53. c7 Ra2+ 54. Kf3 Ra3+ 55. Kf4 Rf3+ 56. Kxf3 Kb4 57. Qxd4+ Kb3 58. c8=Q h5
59. Rb7+ Ka3 60. Qa8# 1-0

[Event "ICS rated bullet match"]
[Site "204.178.125.65"]
[Date "2000.03.06"]
[Round "?"]
[White "Hossa"]
[Black "KCtan"]
[Result "1-0"]
[WhiteElo "2398"]
[BlackElo "2123"]
[PlyCount "81"]

1. d4 Nf6 2. c4 c5 3. d5 b5 4. cxb5 a6 5. bxa6 g6 6. Nc3 Bxa6 7. e4 Bxf1 8.
Kxf1 d6 9. Bg5 Bg7 10. Nf3 Qb6 11. Rb1 Qa6+ 12. Kg1 Nbd7 13. Ra1 O-O 14. g3
Rfb8 15. Qd2 Qa5 16. Qc2 Rxb2 17. Qxb2 Nxe4 18. Qb7 Bxc3 19. Qxd7 Bxa1 20. Qxe7
Nxg5 21. Nxg5 Ra7 22. Qxd6 Qxa2 23. Qxc5 Bf6 24. Nf3 Kg7 25. d6 Qa3 26. Qxa3
Rxa3 27. Kg2 Rd3 28. g4 Rxd6 29. g5 Bc3 30. Rc1 Bb4 31. Rc4 Ba5 32. Rc5 Bb4 33.
Rb5 Bd2 34. Rb2 Bc3 35. Rb3 Ba5 36. Rb7 Bd2 37. Ne5 Bc3 38. Nxf7 Ra6 39. Nh6+
Kh8 40. Rb8+ Kg7 41. Rg8# 1-0

[Event "ICS rated bullet match"]
[Site "204.178.125.65"]
[Date "2000.03.06"]
[Round "?"]
[White "KCtan"]
[Black "Hossa"]
[Result "1/2-1/2"]
[WhiteElo "2118"]
[BlackElo "2403"]
[PlyCount "86"]

1. d4 d5 2. Nf3 Nf6 3. c4 e6 4. Nc3 Be7 5. Bg5 h6 6. Bxf6 Bxf6 7. e3 Be7 8. Bd3
dxc4 9. Bxc4 Bd7 10. Ne5 Bd6 11. Nxd7 Nxd7 12. O-O Qh4 13. g3 Qh3 14. Nb5 a6
15. Nxd6+ cxd6 16. Rc1 Rd8 17. Qf3 d5 18. Bd3 h5 19. Qg2 Qxg2+ 20. Kxg2 Nb6 21.
Rc7 Rd7 22. Rc2 h4 23. Rfc1 h3+ 24. Kf1 g5 25. b3 g4 26. a4 Ke7 27. a5 Na8 28.
Be2 Rg8 29. f4 Rdd8 30. Kf2 Rb8 31. b4 Kf6 32. b5 axb5 33. Bxb5 Rbd8 34. Be2
Kf5 35. Rb2 Rd7 36. Bd3+ Kf6 37. Rcb1 Rb8 38. Be2 Kf5 39. Bd3+ Kf6 40. Be2 Kf5
41. Bd3+ Kf6 42. Be2 Kf5 43. Bd3+ Kf6 1/2-1/2

[Event "ICS Rated bullet match"]
[Site "204.178.125.65"]
[Date "2000.03.06"]
[Round "?"]
[White "Hossa"]
[Black "KCtan"]
[Result "1/2-1/2"]
[WhiteElo "2422"]
[BlackElo "2049"]
[PlyCount "175"]

1. e4 c6 2. d4 d5 3. Nc3 dxe4 4. Nxe4 Bf5 5. Ng3 Bg6 6. h4 h6 7. Nf3 Nd7 8. h5
Bh7 9. Bd3 Bxd3 10. Qxd3 Qc7 11. Bd2 e6 12. O-O-O Ngf6 13. Ne4 O-O-O 14. g3 Nc5
15. Nxc5 Bxc5 16. Qe2 Bd6 17. Qc4 a6 18. Kb1 Qb6 19. Rde1 Qb5 20. Qxb5 axb5 21.
Ba5 Rd7 22. Rh4 Rf8 23. a3 Rg8 24. Kc1 Nd5 25. Kd2 b6 26. Bc3 Nxc3 27. Kxc3 Kc7
28. Rhe4 Rdd8 29. R1e2 Rd7 30. Rg4 Rdd8 31. Re3 Rd7 32. Kd3 Rdd8 33. Re1 Rd7
34. Ke2 Rdd8 35. Re4 Rd7 36. Nd2 Rdd8 37. g4 Rd7 38. Nb1 Rdd8 39. c3 Rd7 40.
Kd2 Rdd8 41. Ke3 Rd7 42. f4 Rdd8 43. Kf3 Rd7 44. f5 exf5 45. gxf5 g6 46. hxg6
fxg6 47. fxg6 Rxg6 48. b3 Rf7+ 49. Ke3 Rg3+ 50. Kd2 Rf2+ 51. R4e2 Rff3 52. Kc2
h5 53. Rh1 Rh3 54. Rxh3 Rxh3 55. Rf2 h4 56. Rf7+ Kd8 57. Rh7 Rh2+ 58. Kd3 Bf4
59. Ke4 Rf2 60. Rxh4 Rb2 61. Kxf4 Rxb1 62. Rh8+ Kc7 63. Rh7+ Kd6 64. Rh6+ Kd7
65. Rh7+ Kd6 66. a4 Rxb3 67. axb5 Rxb5 68. Ke4 Rb1 69. c4 Re1+ 70. Kd3 Rg1 71.
Rh6+ Kd7 72. d5 cxd5 73. cxd5 Kc7 74. Rc6+ Kd7 75. Ke4 Rg4+ 76. Kf5 Rb4 77. Ke5
Rb1 78. Rd6+ Ke7 79. Re6+ Kd7 80. Rh6 Re1+ 81. Kd4 Rd1+ 82. Ke4 Re1+ 83. Kf4
Rf1+ 84. Ke3 Re1+ 85. Kf4 Rf1+ 86. Ke3 Re1+ 87. Kf4 Rf1+ 88. Ke3 1/2-1/2

[Event "ICS rated blitz match"]
[Site "204.178.125.65"]
[Date "2000.03.06"]
[Round "?"]
[White "PostModernist"]
[Black "Hossa"]
[Result "1-0"]
[WhiteElo "2601"]
[BlackElo "2406"]
[PlyCount "183"]

1. d4 d5 2. Nf3 Nf6 3. e3 e6 4. Bd3 c5 5. c3 Bd6 6. Nbd2 O-O 7. O-O Nc6 8. b3
e5 9. dxe5 Nxe5 10. Nxe5 Bxe5 11. Bb2 Re8 12. Nf3 Bg4 13. Bb5 Re7 14. Be2 Bxf3
15. Bxf3 Qd6 16. g3 Qe6 17. Qc2 Qh3 18. Rfd1 Rd7 19. Bg2 Qh5 20. h3 Re8 21. g4
Qh4 22. g5 Qxg5 23. f4 Bxf4 24. exf4 Qxf4 25. Qf2 Qxf2+ 26. Kxf2 Ree7 27. Ba3
b6 28. Kg1 Re3 29. Bb2 Re2 30. Rab1 h5 31. Bf3 Rc2 32. Rdc1 Rd2 33. Re1 g6 34.
a4 Kg7 35. Red1 Rc2 36. Rdc1 Rd2 37. Re1 Rd3 38. Bg2 Rd2 39. Red1 Re2 40. Kf1
Rc2 41. Rdc1 Rd2 42. Re1 h4 43. Kg1 d4 44. cxd4 cxd4 45. Red1 Rc2 46. Bxd4 Rd6
47. Bf2 Rxd1+ 48. Rxd1 g5 49. Bd4 Re2 50. Bd5 Kg6 51. Bxf6 Kxf6 52. Rf1+ Ke5
53. Bxf7 Re3 54. Kg2 Rg3+ 55. Kh2 g4 56. hxg4 Rxg4 57. Kh3 Re4 58. Bc4 Kd4 59.
Rf7 a5 60. Rc7 Re1 61. Kxh4 Rh1+ 62. Kg5 Rh8 63. Rc6 Rb8 64. Kf4 Rf8+ 65. Kg4
Rb8 66. Kg5 Kc3 67. Kf5 Kb2 68. Ke6 Rb7 69. Kd5 Rb8 70. Rh6 Kc3 71. Kc6 Kb2 72.
Rh5 Ka3 73. Rg5 b5 74. axb5 Rc8+ 75. Kb7 Rh8 76. b6 a4 77. bxa4 Kb4 78. a5 Kxc4
79. Ka7 Rh7+ 80. b7 Rd7 81. Ka8 Kc3 82. b8=Q Re7 83. Rc5+ Kd3 84. Qd8+ Rd7 85.
Qxd7+ Ke3 86. Qe7+ Kf3 87. Rf5+ Kg4 88. Qg5+ Kh3 89. Rf3+ Kh2 90. Qg3+ Kh1 91.
Qh3+ Kg1 92. Rf1# 1-0

[Event "ICS rated blitz match"]
[Site "204.178.125.65"]
[Date "2000.03.06"]
[Round "?"]
[White "Hossa"]
[Black "PostModernist"]
[Result "1/2-1/2"]
[WhiteElo "2398"]
[BlackElo "2589"]
[PlyCount "170"]

1. e4 c6 2. d4 d5 3. exd5 cxd5 4. c4 Nf6 5. Nc3 Nc6 6. Bg5 e6 7. Nf3 Be7 8. Be2
O-O 9. O-O h6 10. Be3 Qd6 11. cxd5 Nxd5 12. Rc1 Ncb4 13. Nxd5 Nxd5 14. Ne5 Bf6
15. Ng4 Be7 16. Bc4 f6 17. Nxh6+ gxh6 18. Bxh6 f5 19. Bxf8 Bxf8 20. Bxd5 Qxd5
21. Qh5 Bd7 22. Rc7 Bg7 23. Rd1 Kf8 24. Qh7 Rc8 25. Rxc8+ Bxc8 26. Qh4 Bd7 27.
Qd8+ Kf7 28. b3 Bf6 29. Qb8 Bxd4 30. Kh1 Bc6 31. Qg3 Be5 32. Rxd5 Bxg3 33. Rd2
Bf4 34. Rd8 Bg5 35. Ra8 a6 36. h3 Kf6 37. Rf8+ Ke5 38. Ra8 Bf6 39. Kg1 f4 40.
Rc8 Be7 41. g4 fxg3 42. fxg3 Kd4 43. h4 Kc3 44. h5 Kb2 45. h6 Kxa2 46. h7 Bf6
47. g4 Bd4+ 48. Kf1 Be4 49. h8=Q Bxh8 50. Rxh8 Kxb3 51. Kf2 Kc4 52. Ke3 Kd5 53.
Kf4 e5+ 54. Ke3 Bg6 55. g5 Ke6 56. Rf8 Bf7 57. Kf3 Ke7 58. Ra8 Bd5+ 59. Kg4 e4
60. Kf4 Bc6 61. Rc8 Kf7 62. Rh8 a5 63. Kf5 Kg7 64. Rh2 a4 65. g6 a3 66. Rc2 e3
67. Kg5 a2 68. Rxa2 Be4 69. Re2 Bxg6 70. Rxe3 Kf7 71. Kh6 Bf5 72. Rf3 Ke6 73.
Kg7 Bc2 74. Rf7 b5 75. Rc7 Bf5 76. Ra7 Be4 77. Kh6 Kd5 78. Ra3 b4 79. Ra1 Kc4
80. Re1 b3 81. Rxe4+ Kc3 82. Re3+ Kc2 83. Re2+ Kc3 84. Kg7 b2 85. Rxb2 Kxb2
1/2-1/2

[Event "ICS Rated blitz match"]
[Site "204.178.125.65"]
[Date "2000.03.06"]
[Round "?"]
[White "PostModernist"]
[Black "Hossa"]
[Result "1-0"]
[WhiteElo "2581"]
[BlackElo "2406"]
[PlyCount "131"]

1. c4 e5 2. Nc3 Nf6 3. Nf3 Nc6 4. g3 Bb4 5. Nd5 Bc5 6. Bg2 d6 7. O-O O-O 8. d3
Nxd5 9. cxd5 Nd4 10. Nxd4 Bxd4 11. Qc2 Bd7 12. Bd2 Bb6 13. Be3 c6 14. Qb3 c5
15. Qc4 Qe8 16. Qh4 f5 17. Rfc1 Bd8 18. Bg5 Bxg5 19. Qxg5 f4 20. g4 Rf6 21. Be4
Rh6 22. Rab1 Rb8 23. b4 b6 24. bxc5 bxc5 25. Rxb8 Qxb8 26. Kg2 Kf8 27. Rc3 Qc7
28. Rb3 Ba4 29. Rb1 Bc2 30. Rb2 Ba4 31. e3 fxe3 32. fxe3 Be8 33. Bf5 Bf7 34. e4
a5 35. h4 a4 36. Rb1 c4 37. dxc4 Rf6 38. Qe3 Qxc4 39. Rb8+ Be8 40. Bd7 Qf1+ 41.
Kg3 Qf4+ 42. Qxf4 exf4+ 43. Kf3 Ke7 44. Bxe8 Rf8 45. Rb7+ Kxe8 46. Rxg7 Rf7 47.
Rxf7 Kxf7 48. Kxf4 Kf6 49. g5+ Kg6 50. e5 dxe5+ 51. Kxe5 a3 52. d6 Kf7 53. h5
Ke8 54. g6 Kf8 55. gxh7 Kf7 56. h8=R Kg7 57. d7 Kxh8 58. d8=Q+ Kg7 59. Qa8 Kh6
60. Kf5 Kg7 61. Qc8 Kf7 62. Qd7+ Kg8 63. Qe8+ Kg7 64. h6+ Kh7 65. Qg6+ Kh8 66.
Qg7# 1-0

[Event "ICS Unrated bullet match"]
[Site "204.178.125.65"]
[Date "2000.03.06"]
[Round "?"]
[White "Zippy"]
[Black "Hossa"]
[Result "1-0"]
[WhiteElo "1658"]
[BlackElo "2409"]
[PlyCount "61"]

1. d4 d5 2. c4 e6 3. Nc3 Nf6 4. Bg5 Nbd7 5. e3 Be7 6. cxd5 exd5 7. Nf3 h6 8.
Bh4 g5 9. Bg3 Bb4 10. Qb3 Bxc3+ 11. Qxc3 c6 12. Bd3 Ne4 13. Bxe4 dxe4 14. Nd2
f5 15. h4 gxh4 16. Bxh4 Nf6 17. d5 Rf8 18. dxc6 bxc6 19. Rd1 Bd7 20. Nc4 Rg8
21. Bxf6 Qb8 22. Ne5 Qb5 23. Rxd7 Rg4 24. Qd2 Qxe5 25. Bxe5 Rg6 26. Rh7 Rd8 27.
Rh8+ Rg8 28. Rxg8+ Kf7 29. Qxd8 Ke6 30. Rxh6+ Kxe5 31. Qd4# 1-0

[Event "ICS Rated bullet match"]
[Site "204.178.125.65"]
[Date "2000.03.06"]
[Round "?"]
[White "PostModernist"]
[Black "Hossa"]
[Result "0-1"]
[WhiteElo "2443"]
[BlackElo "2409"]
[PlyCount "136"]

1. d4 Nf6 2. c4 g6 3. f3 c5 4. dxc5 Bg7 5. e4 Qa5+ 6. Nc3 Qxc5 7. Qd3 O-O 8.
Be3 Qb4 9. O-O-O Nc6 10. Qc2 Qa5 11. Bd3 Nb4 12. Qb1 d6 13. g4 Nd7 14. a3 Nxd3+
15. Qxd3 Ne5 16. Qd5 Qa6 17. g5 Nxc4 18. Bd4 e5 19. Bf2 Bd7 20. Nge2 Rac8 21.
Kb1 Bc6 22. Qd3 b5 23. h4 b4 24. axb4 Rb8 25. Na2 Bb5 26. Qd5 Ba4 27. Rd3 Bc6
28. b5 Rxb5 29. Qxc4 Rxb2+ 30. Kxb2 Qxc4 31. Rhd1 Rb8+ 32. Ka1 Qb5 33. R3d2 Qa6
34. Rb1 Rc8 35. Nec3 Qa3 36. Rdb2 Rf8 37. Rb8 Be8 38. R1b7 Qa6 39. Bxa7 Qf1+
40. Kb2 Qxf3 41. Re7 Bc6 42. Rxf8+ Bxf8 43. Rc7 Bxe4 44. Nxe4 Qxe4 45. Bf2 Qe2+
46. Rc2 Qb5+ 47. Kc1 Kg7 48. Nc3 Qb7 49. Be1 Qb4 50. Bf2 Qc4 51. Nd1 Qe6 52.
Rc7 h5 53. Nc3 d5 54. Kd1 d4 55. Bg3 dxc3 56. Rxc3 Bb4 57. Re3 Qa2 58. Bxe5+
Kh7 59. Bc3 Qb3+ 60. Ke2 Bxc3 61. Rd3 Qc2+ 62. Ke3 Ba5 63. Rd6 Qc5+ 64. Kf3
Qxd6 65. Ke4 Bb6 66. Kf3 Qh2 67. Ke4 Qe2+ 68. Kf4 Bc7# 0-1

[Event "ICS rated bullet match"]
[Site "204.178.125.65"]
[Date "2000.03.06"]
[Round "?"]
[White "Hossa"]
[Black "PostModernist"]
[Result "0-1"]
[WhiteElo "2427"]
[BlackElo "2425"]
[PlyCount "118"]

1. e4 c6 2. d4 Na6 3. Nf3 d6 4. Bf4 Qb6 5. Nbd2 Be6 6. Bxa6 Qxa6 7. a3 Nf6 8.
Ng5 O-O-O 9. f3 Qb5 10. b3 Kb8 11. c4 Qb6 12. Be3 g6 13. Bf2 Bh6 14. d5 Qa5 15.
h4 cxd5 16. cxd5 Bxg5 17. hxg5 Nxd5 18. b4 Qb5 19. a4 Qxb4 20. exd5 Bxd5 21.
Rh4 Qa5 22. Rc1 Be6 23. f4 Bd7 24. Qb3 Qxa4 25. Qxf7 Qa3 26. Rb1 Bf5 27. Rd1
Bc2 28. Rh3 Qb2 29. Nc4 Qb4+ 30. Rd2 Rdf8 31. Qd5 Rxf4 32. Rh4 Rxh4 33. Bxh4
Rc8 34. g4 Rxc4 35. Qg8+ Kc7 36. Qd5 e6 37. Qxd6+ Qxd6 38. Rxd6 Kxd6 39. Bf2
Rxg4 40. Be3 Re4 41. Kd2 Rxe3 42. Kxe3 Ke5 43. Ke2 Kf4 44. Kf2 e5 45. Ke2 Bb1
46. Kf2 a5 47. Ke2 a4 48. Kd2 a3 49. Kc3 e4 50. Kb3 a2 51. Kc4 a1=Q 52. Kc5
Qa5+ 53. Kd6 Qd8+ 54. Kc5 Qc7+ 55. Kb4 Qe5 56. Kb3 Qd4 57. Ka3 Qb6 58. Ka4 Bc2+
59. Ka3 Qb3# 0-1

[Event "ICS rated bullet match"]
[Site "204.178.125.65"]
[Date "2000.03.06"]
[Round "?"]
[White "PostModernist"]
[Black "Hossa"]
[Result "1-0"]
[WhiteElo "2441"]
[BlackElo "2411"]
[PlyCount "153"]

1. d4 d5 2. Nf3 Nf6 3. e3 e6 4. Bd3 c5 5. c3 Bd6 6. Nbd2 O-O 7. O-O Nc6 8. Qe2
Bd7 9. dxc5 Bxc5 10. e4 Qb6 11. b4 Be7 12. b5 Na5 13. Bb2 Qc7 14. e5 Nh5 15. g3
f6 16. Rfe1 Bc5 17. Nd4 g6 18. exf6 Rxf6 19. c4 Raf8 20. Rf1 e5 21. N4f3 Rxf3
22. Nxf3 e4 23. Bxe4 dxe4 24. Qxe4 Nxg3 25. Qd5+ Rf7 26. Ng5 Ne2+ 27. Kh1 Be8
28. Rae1 Qe7 29. Nxf7 Bxf7 30. Qd2 Bxc4 31. Qxa5 Bb4 32. Qxa7 Bd5+ 33. f3 Bxe1
34. Ba3 Qe8 35. Qc5 Nf4 36. Bb2 g5 37. Qd4 Qg6 38. Rxe1 Bxf3+ 39. Kg1 Ne2+ 40.
Rxe2 Bxe2 41. Qd5+ Qf7 42. Qd8+ Qf8 43. Qxg5+ Kf7 44. Qf5+ Ke8 45. Qc8+ Kf7 46.
Qxb7+ Qe7 47. Qxe7+ Kxe7 48. a4 Kd6 49. Kf2 Bc4 50. b6 Ba6 51. a5 Kc5 52. Bc1
Bb7 53. Ke3 h5 54. Kf4 Kc4 55. Kg5 Kb5 56. Kxh5 Kxa5 57. Be3 Kb4 58. h4 Be4 59.
Kh6 Kc4 60. h5 Kd3 61. Kg7 Bb7 62. Bg5 Ke4 63. h6 Kd4 64. h7 Kc5 65. Be3+ Kc4
66. h8=Q Kd3 67. Qd8+ Ke2 68. Qd2+ Kf3 69. Qf2+ Ke4 70. Qg2+ Kd3 71. Qxb7 Kc4
72. Qe4+ Kc3 73. b7 Kb3 74. b8=Q+ Kc3 75. Qd4+ Kc2 76. Qh2+ Kb3 77. Qhb2# 1-0

[Event "ICS Rated blitz match"]
[Site "204.178.125.65"]
[Date "2000.03.06"]
[Round "?"]
[White "Hossa"]
[Black "PostModernist"]
[Result "0-1"]
[WhiteElo "2397"]
[BlackElo "2612"]
[PlyCount "67"]
[EventDate "2000.??.??"]

1. d4 d5 2. c4 e6 3. Nc3 c6 4. e3 Nf6 5. Nf3 Nbd7 6. cxd5 exd5 7. Bd3 a6 8. O-O
Bd6 9. e4 dxe4 10. Nxe4 Nxe4 11. Bxe4 O-O 12. Bg5 Nf6 13. Qc2 h6 14. Bxf6 Qxf6
15. Rfe1 Be6 16. Ne5 Rfe8 17. Re2 Rad8 18. Rae1 Bc7 19. Nf3 Bb6 20. Rd1 Bxd4
21. Bh7+ Kh8 22. Be4 Bxb2 23. Rb1 Bc3 24. Rxb7 Bg4 25. Re3 Bxf3 26. Bxf3 Rxe3
27. fxe3 Bd2 28. e4 Bf4 29. Kh1 Rd2 30. Qb1 Bxh2 31. Qb4 Bf4 32. g3 Qg5 33.
Rb8+ Kh7 34. Qxd2 0-1

[Event "ICS rated blitz match"]
[Site "204.178.125.65"]
[Date "2000.03.06"]
[Round "?"]
[White "PostModernist"]
[Black "Hossa"]
[Result "1-0"]
[WhiteElo "2619"]
[BlackElo "2390"]
[PlyCount "137"]

1. d4 d5 2. Nf3 Nf6 3. e3 e6 4. Bd3 c5 5. c3 Bd6 6. Nbd2 O-O 7. O-O Nc6 8. dxc5
Bxc5 9. e4 Re8 10. Qe2 Bd7 11. e5 Ng4 12. Nb3 Be7 13. h3 Nh6 14. Bxh6 gxh6 15.
Qc2 Qc7 16. Bxh7+ Kg7 17. Rfe1 Rh8 18. Bd3 f6 19. exf6+ Bxf6 20. Nc5 e5 21. Bf5
Bc8 22. Bxc8 Qxc8 23. Rad1 b6 24. Nb3 Rg8 25. Nh2 Qe6 26. Qd3 Rad8 27. Ng4 Rge8
28. Qf3 Rf8 29. Qg3 Kh7 30. Nd4 Nxd4 31. Rxd4 Rfe8 32. c4 dxc4 33. Rxc4 Re7 34.
Rce4 Rg8 35. f4 Rf7 36. a3 Rgg7 37. Rd4 e4 38. Rdxe4 Qf5 39. Qf2 h5 40. Ne5 Rc7
41. Kh2 h4 42. Ng4 Rc6 43. Nxf6+ Qxf6 44. f5 Kg8 45. Rxh4 Rg5 46. Re8+ Kf7 47.
Rhe4 Rc5 48. R4e7+ Qxe7 49. Rxe7+ Kxe7 50. Qe3+ Kf6 51. Qe6+ Kg7 52. Qe7+ Kh6
53. Qf6+ Kh7 54. Qxg5 Kh8 55. Qg6 a5 56. Qh6+ Kg8 57. Qxb6 Rxf5 58. Qg6+ Kh8
59. Qxf5 Kg7 60. a4 Kg8 61. Qxa5 Kf7 62. Qd5+ Kf6 63. a5 Ke7 64. a6 Kf6 65. a7
Ke7 66. a8=Q Kf6 67. Qf8+ Kg6 68. Qfg8+ Kf6 69. Qde6# 1-0

[Event "ICS Rated blitz match"]
[Site "204.178.125.65"]
[Date "2000.03.06"]
[Round "?"]
[White "Hossa"]
[Black "PostModernist"]
[Result "0-1"]
[WhiteElo "2383"]
[BlackElo "2626"]
[PlyCount "130"]
[EventDate "2000.??.??"]

1. d4 d5 2. c4 e6 3. Nc3 c6 4. Nf3 Nf6 5. Bg5 h6 6. Bxf6 Qxf6 7. e3 Nd7 8. cxd5
exd5 9. Bd3 Qd8 10. O-O Be7 11. Qe2 O-O 12. Qc2 Nf6 13. Bf5 Re8 14. Rfc1 Bb4
15. Rab1 Bxf5 16. Qxf5 Qe7 17. Ne5 Qe6 18. Qf3 Bd6 19. Nd3 Ne4 20. Rc2 Qg6 21.
Rd1 Ng5 22. Qe2 Rad8 23. Qg4 f5 24. Qe2 f4 25. Ne1 f3 26. Qf1 fxg2 27. Qxg2
Nf3+ 28. Kh1 Qxg2+ 29. Kxg2 Nxh2 30. b4 Re6 31. b5 Rg6+ 32. Kh1 Rf8 33. f4 Nf1
34. Rd3 Ng3+ 35. Kh2 Rf5 36. Kg2 Ne4+ 37. Kf1 Nxc3 38. Rdxc3 cxb5 39. Nf3 Re6
40. Rb3 b4 41. Rc8+ Rf8 42. Rxf8+ Kxf8 43. Ne5 h5 44. Rb2 a5 45. Rc2 Re8 46.
Rg2 Rc8 47. Nd7+ Kf7 48. Kf2 Rc2+ 49. Kg1 Rxg2+ 50. Kxg2 a4 51. Nb6 b3 52. axb3
a3 53. Nc8 Bf8 54. Nb6 a2 55. Nxd5 a1=Q 56. Kf2 h4 57. f5 Qb2+ 58. Kg1 Qxb3 59.
e4 Qg3+ 60. Kh1 h3 61. Nf4 Qxf4 62. Kg1 Qg3+ 63. Kf1 Qg2+ 64. Ke1 Bb4+ 65. Kd1
Qd2# 0-1

[Event "ICS rated blitz match"]
[Site "204.178.125.65"]
[Date "2000.03.06"]
[Round "?"]
[White "PostModernist"]
[Black "Hossa"]
[Result "1-0"]
[WhiteElo "2632"]
[BlackElo "2377"]
[PlyCount "109"]
[EventDate "2000.??.??"]

1. d4 Nf6 2. c4 e6 3. Nf3 b6 4. g3 Ba6 5. Qa4 c5 6. Bg2 Bb7 7. O-O cxd4 8. Nxd4
Bxg2 9. Kxg2 Be7 10. Nc3 a6 11. Bg5 O-O 12. Rfd1 d5 13. Bxf6 Bxf6 14. cxd5 exd5
15. e4 b5 16. Qb4 Be7 17. Qb3 Bf6 18. Qxd5 Ra7 19. Qxd8 Rxd8 20. Nd5 Bxd4 21.
Rxd4 Nc6 22. Rd2 Rad7 23. Rc1 Ne5 24. b3 h5 25. h3 Ng6 26. Rc6 Kh7 27. Rxa6 Ne7
28. Ra5 Nxd5 29. Rxd5 Rxd5 30. exd5 Rxd5 31. a4 Rd1 32. Rxb5 g6 33. a5 Kh6 34.
b4 Ra1 35. h4 f6 36. Rb6 Kg7 37. a6 g5 38. hxg5 fxg5 39. b5 Kh7 40. Rb7+ Kg6
41. a7 Kf5 42. b6 h4 43. Rb8 hxg3 44. a8=Q Rxa8 45. Rxa8 gxf2 46. Kxf2 g4 47.
b7 Kf6 48. b8=Q Kf5 49. Qf8+ Ke5 50. Ra5+ Kd4 51. Qb4+ Kd3 52. Rd5+ Kc2 53.
Rd2+ Kc1 54. Qc3+ Kb1 55. Qb2# 1-0

[Event "ICS Rated blitz match"]
[Site "204.178.125.65"]
[Date "2000.03.06"]
[Round "?"]
[White "Hossa"]
[Black "PostModernist"]
[Result "0-1"]
[WhiteElo "2371"]
[BlackElo "2638"]
[PlyCount "124"]
[EventDate "2000.??.??"]

1. d4 d5 2. c4 e6 3. Nc3 c6 4. e3 Nf6 5. Nf3 Nbd7 6. Bd3 dxc4 7. Bxc4 b5 8. Be2
Bb7 9. Bd2 Bd6 10. O-O O-O 11. Qc2 Rc8 12. Rac1 a6 13. Ne4 Nxe4 14. Qxe4 Nf6
15. Qh4 c5 16. Rfd1 c4 17. Ne5 Ne4 18. Qxd8 Rfxd8 19. Ba5 Bc7 20. Bb4 a5 21.
Be7 Re8 22. Bh4 Bxe5 23. dxe5 g5 24. Bg3 Bd5 25. f3 Nxg3 26. hxg3 h5 27. f4 g4
28. Rd4 Rc5 29. Kf2 Kg7 30. Rh1 Rh8 31. e4 Bc6 32. a3 Bb7 33. Rh4 c3 34. bxc3
Rxc3 35. f5 exf5 36. exf5 Rxa3 37. e6 Bc6 38. e7 Ra2 39. Rd6 Be8 40. f6+ Kh6
41. Rb6 Rg8 42. Ke3 Rg5 43. Bf1 Ra3+ 44. Ke4 Ra4+ 45. Ke3 Re5+ 46. Kd3 Rd5+ 47.
Ke3 Re5+ 48. Kd3 Rf5 49. Rb8 Bc6 50. Rb6 Rd5+ 51. Kc3 Rc5+ 52. Kd3 Rac4 53. Rb8
Rd5+ 54. Ke3 Rc3+ 55. Kf2 Rf5+ 56. Kg1 Rc1 57. Kh2 Rfxf1 58. Rh8+ Kg6 59. Rxg4+
hxg4 60. Rg8+ Kf5 61. Rg5+ Kxg5 62. e8=Q Rh1# 0-1

[Event "ICS Rated blitz match"]
[Site "204.178.125.65"]
[Date "2000.03.06"]
[Round "?"]
[White "MissSilicon"]
[Black "Hossa"]
[Result "1-0"]
[WhiteElo "2677"]
[BlackElo "2365"]
[PlyCount "217"]
[EventDate "2000.??.??"]

1. e4 e5 2. f4 exf4 3. Nf3 g5 4. h4 g4 5. Ne5 Nf6 6. d4 d6 7. Nd3 Nxe4 8. Bxf4
Qe7 9. Be2 Bg7 10. c3 Bf5 11. h5 Nd7 12. h6 Bf6 13. O-O O-O-O 14. Bxg4 Bxg4 15.
Qxg4 Rdg8 16. Qe2 Bh4 17. Nd2 Ndf6 18. Nf2 Rxg2+ 19. Kxg2 Rg8+ 20. Kh2 Bxf2 21.
Rg1 Bxg1+ 22. Rxg1 Re8 23. Nxe4 Nxe4 24. Qh5 Qf6 25. Bc1 Kb8 26. Rg7 Qf2+ 27.
Rg2 Qf1 28. Rg1 Qc4 29. Rg7 Rf8 30. Qf5 Qe2+ 31. Rg2 Qe1 32. Qxf7 Qh4+ 33. Kg1
Qd8 34. Qxh7 Qh4 35. Qf5 Qe1+ 36. Kh2 Re8 37. Qf4 d5 38. h7 Nd6 39. Qf6 Qxc1
40. h8=Q Rxh8+ 41. Qxh8+ Nc8 42. Rf2 a5 43. Qe5 Qh6+ 44. Kg2 Qg6+ 45. Qg3 Qb1
46. b3 b5 47. Re2 Kb7 48. Qg8 Nb6 49. Qf8 a4 50. b4 Qg6+ 51. Kf2 a3 52. Qf3 Qg5
53. Qg3 Qc1 54. Qd3 Qf4+ 55. Kg1 Nc4 56. Qh3 Qg5+ 57. Qg2 Qc1+ 58. Kh2 Qf4+ 59.
Qg3 Qh6+ 60. Kg2 Qc1 61. Re7 Qd2+ 62. Kg1 Qc1+ 63. Kf2 Qd2+ 64. Re2 Qh6 65. Kg1
Qh5 66. Re7 Qd1+ 67. Kh2 Qd2+ 68. Kh3 Qh6+ 69. Qh4 Qd2 70. Qh5 Qxc3+ 71. Kg2
Qxd4 72. Qf7 Kb6 73. Qf2 Qxf2+ 74. Kxf2 Kc6 75. Ke2 Kd6 76. Rh7 c6 77. Kd3 Ke5
78. Rh5+ Kf6 79. Rh6+ Kg5 80. Rh1 Kf4 81. Kd4 Kg5 82. Kc5 Ne5 83. Rd1 Kf4 84.
Kd6 Nf3 85. Kxc6 d4 86. Kxb5 Ke3 87. Kc5 d3 88. b5 Ke2 89. Rh1 d2 90. Kd6 Ke3
91. Rb1 Nd4 92. b6 Nb5+ 93. Kc6 Nd4+ 94. Kd7 Ne2 95. Rh1 Ng3 96. Rd1 Ne4 97.
Kc6 Nc3 98. Rh1 Nxa2 99. b7 Nb4+ 100. Kb5 d1=Q 101. Rxd1 Nc2 102. b8=Q Ke2 103.
Qd6 Kf3 104. Qd5+ Kg3 105. Qd3+ Ne3 106. Qxe3+ Kg4 107. Rd5 Kh4 108. Qf3 a2
109. Rh5# 1-0